00464 2200193 4500001002100000005001500021035002000036245003000056100001700086250000600103300001900109856004500128260003900173082000800212084001400220600001000234990001300244990001300257INLIS00000000000160020250423084028 a0010-04250000161 aSi Pongge /cWetty Arnani0 aWetty Arnani a1 bIlust ;c21 cm aRuang Baca Umum No Klas 800 ( Rak 3,4,5) aJakarta :bPT. Dian Ariesta,c2002 a800 a800 WET s 4aFiksi a03.20117 a03.20118